Liderzy Platformy Obywatelskiej - Statystyki

Ogólne statystyki
  • Ten quiz został rozwiązany 43 razy
  • Średni wynik to 5 z 6
Statystyki odpowiedzi
Lata urzędowania Imię i nazwisko % Poprawnych
2003-2014 Donald Tusk
100%
2021- Donald Tusk
100%
2020-2021 Borys Budka
75%
2016-2020 Grzegorz Schetyna
75%
2014-2016 Ewa Kopacz
68%
2001-2003 Maciej Płażyński
33%
Nie znaleziono quizów pasujących do podanych kryteriów
Rozkład punktacji
Procent ludzi z każdym wynikiem
Percentyl według liczby udzielonych odpowiedzi
Twoja historia wyników
Nie rozwiązałeś tego quizu